| 000 | 00421nam a2200169Ia 4500 | ||
|---|---|---|---|
| 999 |
_c14155 _d14155 |
||
| 003 | OSt | ||
| 005 | 20260317112702.0 | ||
| 008 | 260210s9999 xx 000 0 und d | ||
| 020 | _a9789383419746 | ||
| 082 | _a307.1412 | ||
| 100 | _aVinita Yadav, | ||
| 245 | 0 | _aModel Village: Perspectives for Rural Development | |
| 260 | _bCopal Publishing Group | ||
| 260 | _c2017 | ||
| 700 | _aMeet Fatewar | ||
| 942 |
_cBPLAN _2ddc |
||